Neuromarketing na Slovensku a v zahraničí a jeho etické aspekty
Aktuálna situácia v oblasti neuromarketingového výskumu na Slovensku, v Českej republike i v zahraničí. Úloha neuromarketingu v procese pochopenia spotrebiteľského správania. Úskalia neuromarketingu. Kritická analýza aktuálneho chápania pozitív, negatív i etických otáznikov neuromarketingu vnímaných...
Guardado en:
| Autor principal: | |
|---|---|
| Formato: | Capítulo de libro |
| Lenguaje: | eslovaco |
| Materias: | |
| Etiquetas: |
Sin Etiquetas, Sea el primero en etiquetar este registro!
|
MARC
| LEADER | 00000nla a2200000 4500 | ||
|---|---|---|---|
| 001 | 0173371 | ||
| 005 | 20240502072943.9 | ||
| 041 | 0 | |a slo | |
| 044 | |a SK | ||
| 245 | 1 | 0 | |a Neuromarketing na Slovensku a v zahraničí a jeho etické aspekty |c Mária Šášiková |
| 520 | |a Aktuálna situácia v oblasti neuromarketingového výskumu na Slovensku, v Českej republike i v zahraničí. Úloha neuromarketingu v procese pochopenia spotrebiteľského správania. Úskalia neuromarketingu. Kritická analýza aktuálneho chápania pozitív, negatív i etických otáznikov neuromarketingu vnímaných odbornou i laickou verejnosťou. Budúci vývoj a využitie neuromarketingu na Slovensku. | ||
| 610 | 2 | 0 | |a neuromarketing |
| 610 | 2 | 0 | |a správanie spotrebiteľa |
| 610 | 2 | 0 | |a výskum |
| 610 | 2 | 0 | |a veda |
| 610 | 2 | 0 | |a etika |
| 610 | 2 | 0 | |a Slovensko |
| 610 | 2 | 0 | |a Česko |
| 100 | 1 | |a Šášiková, Mária | |